[Event "FRA-chT2 West 0607"]
[Site "France"]
[Date "2006.12.10"]
[Round "4.8"]
[White "Chaumont, Adeline"]
[Black "Kefs, Tania"]
[Result "1-0"]
[WhiteElo "1986"]
[BlackElo "1855"]
[PlyCount "53"]
[EventDate "2006.10.15"]
[EventType "team"]
[EventRounds "11"]
[EventCountry "FRA"]
[SourceTitle "EXT 2008"]
[Source "ChessBase"]
[SourceDate "2007.11.25"]
[SourceVersion "1"]
[SourceVersionDate "2007.11.25"]
[SourceQuality "1"]
[WhiteTeam "Le Vesinet"]
[BlackTeam "Chess XV II"]
[WhiteTeamCountry "FRA"]
[BlackTeamCountry "FRA"]

1. d4 d5 2. c4 e6 3. Nf3 Nf6 4. Nc3 Nbd7 5. Qc2 Bd6 6. cxd5 exd5 7. Bg5 c6 8. e3 0-0 9. Bd3 h6 10. Bh4 Re8 11. 0-0 Qc7 12. a3 a5 13. Rac1 Qb8 14. Rfe1 Kh8 15. e4 dxe4 16. Nxe4 Nxe4 17. Bxe4 Nb6 18. Bxc6 Rxe1+ 19. Rxe1 Be6 20. Bb5 Nd5 21. Qe4 Qc7 22. Bd3 g6 23. Ne5 Bf5 24. Qxd5 Bxe5 25. dxe5 Be6 26. Bf6+ Kh7 27. Qd6 1-0

[Event "FRA-chT2 West 0607"]
[Site "France"]
[Date "2006.10.15"]
[Round "1.8"]
[White "Meaudre, Flora"]
[Black "Kefs, Tania"]
[Result "1/2-1/2"]
[WhiteElo "1937"]
[BlackElo "1856"]
[PlyCount "89"]
[EventDate "2006.10.15"]
[EventType "team"]
[EventRounds "11"]
[EventCountry "FRA"]
[SourceTitle "EXT 2008"]
[Source "ChessBase"]
[SourceDate "2007.11.25"]
[SourceVersion "1"]
[SourceVersionDate "2007.11.25"]
[SourceQuality "1"]
[WhiteTeam "Rueil Malmaison"]
[BlackTeam "Chess XV II"]
[WhiteTeamCountry "FRA"]
[BlackTeamCountry "FRA"]

1. e4 e5 2. Nf3 Nc6 3. d4 exd4 4. Nxd4 Bc5 5. Be3 Qf6 6. c3 Nge7 7. Bc4 b6 8. 0-0 Bb7 9. Nb3 d6 10. Nxc5 bxc5 11. f4 0-0 12. Nd2 Ng6 13. g4 Na5 14. Bd3 Qe7 15. b4 cxb4 16. cxb4 Nc6 17. a3 a6 18. Qf3 Na7 19. Qf2 Nb5 20. Rfc1 c6 21. Nf3 Rfe8 22. f5 Ne5 23. Nxe5 Qxe5 24. Bf4 Qe7 25. Qg3 Rad8 26. Re1 Qd7 27. g5 c5 28. f6 Nd4 29. fxg7 Ne6 30. Qh4 Nxf4 31. Qxf4 Qe6 32. Re3 Qe5 33. Rf1 Qxg7 34. Ref3 Rf8 35. bxc5 dxc5 36. Qf6 Rde8 37. Qxg7+ Kxg7 38. Re3 Re5 39. Rf5 Rfe8 40. Kf2 R8e7 41. h4 h6 42. gxh6+ Kxh6 43. Rf6+ Kh5 44. Rf4 a5 45. Re2 1/2-1/2

[Event "FRA-ch U16 Girls"]
[Site "Aix les Bains"]
[Date "2006.??.??"]
[Round "6"]
[White "Kefs, Tania"]
[Black "Cechetto, Lea"]
[Result "1-0"]
[WhiteElo "1866"]
[BlackElo "1740"]
[PlyCount "71"]
[EventDate "2006.04.16"]
[EventType "swiss"]
[EventRounds "9"]
[EventCountry "FRA"]
[SourceTitle "EXT 2007"]
[Source "ChessBase"]
[SourceDate "2006.11.23"]
[SourceVersion "1"]
[SourceVersionDate "2006.11.23"]
[SourceQuality "1"]

1. d4 d5 2. Nf3 Nf6 3. e3 Bg4 4. Nbd2 e6 5. c4 c5 6. Be2 Nc6 7. 0-0 Qb6 8. Qb3 Bd6 9. Qxb6 axb6 10. a3 0-0 11. Bd3 Rfd8 12. b3 e5 13. cxd5 Nxd5 14. Bb2 exd4 15. exd4 Nf4 16. Bc2 Ne2+ 17. Kh1 Ncxd4 18. Nxd4 Nxd4 19. Bxd4 cxd4 20. Bd3 Rxa3 21. Rxa3 Bxa3 22. Ra1 Bb4 23. Nc4 Be6 24. Nxb6 Bxb3 25. Ra7 Re8 26. g3 Re1+ 27. Kg2 Kf8 28. Rxb7 Ke8 29. Bb5+ Kf8 30. Nd7+ Ke7 31. Nc5+ Kf6 32. Nxb3 Rb1 33. Bc4 d3 34. Rxf7+ Ke5 35. Rd7 Bd6 36. f4+ 1-0